Top 20 des mangas Shonen les plus vendus - Statistiques

Statistiques générales
  • Ce quiz a été pris 87 fois
  • Le résultat moyen est 10 sur 20
Statistiques - réponses
Ventes Editeur Manga % Correct
250 millions Shūeisha Naruto
100%
516,6 millions Shūeisha One Piece
99%
300 millions Shūeisha Dragon Ball
97%
130 millions Shūeisha Bleach
85%
150 millions Shūeisha Demon Slayer
83%
100 millions Shūeisha My Hero Academia
69%
84 millions Shūeisha Hunter x Hunter
68%
100 millions Shūeisha Jujutsu Kaisen
67%
140 millions Kōdansha L'Attaque des Titans
58%
270 millions Shōgakukan Detective Conan
54%
80 millions Square Enix Fullmetal Alchemist
42%
185 millions Shūeisha Slam Dunk
40%
120 millions Shūeisha JoJo's Bizarre Adventure
28%
82 millions Shūeisha Captain Tsubasa
17%
100 millions Akita Shoten Baki
15%
100 millions Kōdansha Ippo
15%
100 millions Shūeisha Ken le Survivant
10%
100 millions Kōbunsha/Kōdansha Astro
8%
156,5 millions Shūeisha Kochikame
6%
100 millions Shōgakukan Touch
3%
Aucun quiz correspondant
Distribution des résultats
% des personnes avec chaque résultat
Percentile par nombre de réponses
Votre historique - résultats
Vous n’avez pas pris ce quiz